00707cam a2200205 a 45000010005000000030009000050050017000140080041000310100017000720200015000890400038001040820019001421000017001612450109001782600057002873000048003445040051003926500039004436500019004825645BD-DhUAP20200122151658.0960906s1997 maua b 001 0 eng  a 96043309  a8120308689 aBD-DhUAPcBD-DhUAPdBD-DhUAPbEng00a006.32 KOS223 aKosko, Bart.10aNeural networks and fuzzy systems :ba dynamical systems approach to machine intelligence /cBart Kosko. aNew Delhi :bPrentice hall,cc1992 [Reprinted 2001]. axxvii, 449 pages :billustrations ;c24 cm. aIncludes bibliographical references and index. 0aNeural networks (Computer science) 0aFuzzy systems.